Teória pravdepodobnosti II v Maxime

Guardado en:
Detalles Bibliográficos
Autor principal: Fecenko, Jozef
Autor Corporativo: Ekonomická univerzita v Bratislave. Fakulta hospodárskej informatiky
Otros Autores: Starečková, Anna, Strešňáková, Anna, 1976-
Formato: Libro
Lenguaje:eslovaco
Publicado: Bratislava Vydavateľstvo Letra Edu 2018
Edición:1. vydanie
Materias:
Etiquetas: Agregar Etiqueta
Sin Etiquetas, Sea el primero en etiquetar este registro!

MARC

LEADER 00000nam a2200000 4500
001 0240905
005 20240502073924.6
020 |a 978-80-972866-3-7 
041 0 |a slo 
044 |a SK 
245 1 0 |a Teória pravdepodobnosti II v Maxime  |c Jozef Fecenko ; recenzovali: Anna Starečková, Anna Strešňáková 
250 |a 1. vydanie 
264 1 |a Bratislava  |b Vydavateľstvo Letra Edu  |c 2018 
300 |a 193 s. [9,86 AH] 
610 2 0 |a pravdepodobnosť 
610 2 0 |a teória pravdepodobnosti 
610 2 0 |a funkcie matematické 
610 2 0 |a štatistika matematická 
610 2 0 |a metódy štatistické 
610 2 0 |a financie 
610 2 0 |a poisťovníctvo 
610 2 0 |a programy počítačové 
610 2 0 |a softvér 
610 2 0 |a technológie informačné 
100 1 |a Fecenko, Jozef 
700 1 |a Starečková, Anna 
700 1 |a Strešňáková, Anna, 1976- 
710 2 |a Ekonomická univerzita v Bratislave. Fakulta hospodárskej informatiky